Logo BPK

Biblioteka

Politechniki Koszalińskiej

Wstęp do układów przełączających / (Rekord nr 8438)

Szczegóły MARC
000 -ETYKIETA REKORDU
podpole kontrolne o stałej długości 00973nam a2200277 i 4500
001 - NUMER KONTROLNY REKORDU
pole kontrolne 8438
003 - IDENTYFIKATOR NUMERU KONTROLNEGO REKORDU
podpole kontrolne KOSZ 005
005 - DATA OSTATNIEJ MODYFIKACJI REKORDU
podpole kontrolne 20191106115223.0
008 - POLE O STAŁEJ DŁUGOŚCI - DANE KONTROLNE
podpole kontrolne o stałej długości 070620s1969 pl a f 001 0 pol
015 ## - NUMER BIBLIOGRAFII NARODOWEJ
Numer bibliografii narodowej PB 1969/5036
040 ## - ŹRÓDŁO KATALOGOWANIA
Instytucja, która sporządziła opis WA N
Instytucja, która utworzyła rekord KOSZ 005/KK
Instytucja, która dokonała modyfikacji KOSZ 005/KK
041 1# - KOD JĘZYKA
Kod języka tekstu pol
Kod języka oryginału fre
080 ## - UNIWERSALNA KLASYFIKACJA DZIESIĘTNA - UKD
UKD 621.318
100 1# - NAZWA OSOBOWA
Nazwa osobowa Castello, Pierre.
Określenie rodzaju współpracy Autor.
245 10 - TYTUŁ/ODPOWIEDZIALNOŚĆ
Tytuł Wstęp do układów przełączających /
Pozostałe elementy strefy tytułu i oznaczenia odpowiedzialności P. Castello ; tł. Bogdan Galiński.
246 1# - WARIANT TYTUŁU
Treść wyrażenia wprowadzającego Tyt. oryg.:
Tytuł Clé des schémas électriques.
260 ## - STREFA ADRESU WYDAWNICZEGO
Miejsce wydania Warszawa :
Nazwa wydawcy/dystrybutora Wydawnictwa Naukowo-Techniczne,
Data publikacji, dystrybucji/powstania dokumentu 1969.
300 ## - STREFA OPISU FIZYCZNEGO
Objętość 230, [1] s. :
Inne cechy fizyczne il. ;
Rozmiary 23 cm.
380 ## - FORMA I TYP PUBLIKACJI
Forma i typ publikacji Książki.
504 ## - UWAGA DOTYCZĄCA BIBLIOGRAFII
Informacje o bibliografii Bibliogr. s.[227]. Indeks.
650 #4 - HASŁO PRZEDMIOTOWE W FORMIE NAZWY OGÓLNEJ LUB JEDNOSTKOWEJ
Nazwa ogólna lub geograficzna Przekaźniki
710 2# - HASŁO DODATKOWE - NAZWA CIAŁA ZBIOROWEGO
Nazwa ciała zbiorowego lub jednostki geograficznej Wydawnictwa Naukowo-Techniczne
Kod określenia powiązania pbl.
700 1# - HASŁO DODATKOWE - NAZWA OSOBOWA
Nazwa osobowa Galiński, Bogdan
Określenie związku między hasłem a opisywanym materiałem Tłumaczenie
856 ## - LOKALIZACJA I DOSTĘP DO ELEKTRONICZNYCH DOKUMENTÓW ZDALNYCH
Link (URL) http://koha.tu.koszalin.pl/cgi-bin/koha/opac-detail.pl?biblionumber=8438
Tekst linku Katalog online BPK
942 ## - DODATKOWE ELEMENTY (KOHA)
Schemat klasyfikacji Uniwersalna Klasyfikacja Dziesiętna
Typ dokumentu Książka
Egzemplarze
Wycofany Status egzemplarza Uszkodzony Dostępność Lokalizacja stała Lokalizacja bieżąca Miejsce przechowywania Sygnatura Kod kreskowy Typ dokumentu
      Dostępny Biblioteka Politechniki Koszalińskiej Biblioteka Politechniki Koszalińskiej Wypożyczalnia BG 5128 02192864 Książka
© 2023 Biblioteka Politechniki Koszalińskiej :: KOHA